British Political Parties - Statistics

General Stats
  • This quiz has been taken 69 times
  • The average score is 10 of 18
Answer Stats
Ideology Part % Correct
Conservatism Conservative Party
100%
Green Politics Green Party of England and Wales
98%
Social Democracy Labour Party
98%
Liberalism Liberal Democrats
95%
Scottish Independence Scottish National Party
90%
Hard Euroscepticism UK Independence Party
88%
Welsh Independence Plaid Cymru
81%
Irish Republicanism Sinn Féin
81%
British Nationalism Democratic Unionist Party
76%
Hard Euroscepticism Brexit Party
52%
Green Politics and Scottish Independence Scottish Green Party
28%
Irish Nationalism Social Democratic and Labour Party
24%
British Unionism Ulster Unionist Party
19%
Welsh Independence Welsh National Party
12%
British Unionism Traditional Unionist Voice
7%
Liberalism Alliance Party of Northern Ireland
5%
Socialism People Before Profit
5%
Green Politics Green Party in Northern Ireland
3%
No matching quizzes found
Score Distribution
Percent of People with Each Score
Percentile by Number Answered
Your Score History
You have not taken this quiz